MARC

LEADER 00000nam0a2200000 4500
001 349235
005 20231102010202.0
035 |a (RuTPU)RU\TPU\retro\1310 
090 |a 349235 
100 |a 20180420d1962 km y0rusy50 ca 
101 1 |a rus  |c eng 
102 |a RU 
105 |a a z 001zy 
200 1 |a Применение новой техники и методики в сейсморазведке при поисках стратиграфических ловушек  |d Development of new techniques applied to the search for stratigraphic traps  |e [перевод]  |f Л. Кариссимо, О. Д'Агостино  |g СССР, Министерство геологии и охраны недр 
210 |a Москва  |c [Б. и.]  |d 1962 
215 |a 20 с.  |c ил. 
225 1 |a Серия геофизическая  |v Вып. 15 
320 |a Библиогр.: с. 20 
510 1 |a Development of new techniques applied to the search for stratigraphic traps  |z eng 
606 1 |a Нефтегазовые месторождения  |x Геология  |2 stltpush  |3 (RuTPU)RU\TPU\subj\68603  |9 83810 
606 1 |a Сейсмическая разведка  |2 stltpush  |3 (RuTPU)RU\TPU\subj\54338  |9 72495 
610 1 |a сейсмическая разведка 
610 1 |a аппаратура 
610 1 |a сумматоры 
610 1 |a интерпретация 
610 1 |a качество 
610 1 |a количество 
610 1 |a информация 
610 1 |a стратиграммы 
610 1 |a разрезы 
610 1 |a поиски 
610 1 |a нефть 
610 1 |a газ 
610 1 |a переводы 
675 |a 553.98  |v 4 
675 |a 550.834  |v 4 
700 1 |a Кариссимо  |b Л. 
701 1 |a Д'Агостино  |b О. 
712 0 1 |a СССР  |b Министерство геологии и охраны недр  |c (1953-1963)  |2 stltpush  |3 (RuTPU)RU\TPU\col\14783  |9 26014 
801 1 |a RU  |b 63413507  |c 20180420 
801 2 |a RU  |b 63413507  |c 20180420  |g RCR 
942 |c BK